Pěstitel : rady a návody k plnění a získání odznaku odbornosti Pěstitel /

Uložené v:
Podrobná bibliografia
Hlavný autor: Merková, Oľga (Author)
Médium: Kniha
Jazyk:Czech
Slovak
Vydané: Praha : Mladá fronta, 1977.
Vydanie:1. vyd.
Edícia:Odznak odbornosti sv. 2
ISBN: (brož.)
Fyzický popis: 167, ,[1] s.
Tagy: Pridať tag
Žiadne tagy, Buďte prvý kto otaguje tento záznam!

MARC

LEADER 00000nam a22000001 4500
001 000436607
005 20130924163347.0
008 970123s1977 xr e cze d
020 |a (brož.)  |c Kčs 6,00 
040 |a SVKKK  |b slo  |c SVKKK  |e AACR2 
041 1 |a cze  |h slo 
044 |a xo  |c SK 
100 1 |a Merková, Oľga  |4 aut 
245 1 0 |a Pěstitel :  |b rady a návody k plnění a získání odznaku odbornosti Pěstitel /  |c Olga Merková ; přel. Vladimír Novák ; Il. Čestmír Hlavička. 
250 |a 1. vyd. 
260 |a Praha :  |b Mladá fronta,  |c 1977. 
300 |a 167, ,[1] s. 
366 |e 5000 výt. 
490 1 |a Odznak odbornosti  |v sv. 2 
500 |a Obálka: Miroslav Hrdina 
500 |a Preklad zo slov. 
500 |a Zoznam pestovaných izbových kvetín 
830 0 |a Odznak odbornosti  |v sv. 2 
910 |a svkkk 
998 |a BK 
090 |g SCKHL  |k Sklad Hlavná 10 suterén  |a I.47968  |j 572044  |i 2720627747  |s Absenčne